Effect of multi-stage process of plasma-electrolyte technology on surface quality of the low alloy steel
Enregistré dans:
| Auteur principal: | |
|---|---|
| Autres auteurs: | |
| Format: | Manuscrit Livre |
| Langue: | slovaque anglais |
| Publié: |
2024
|
| Sujets: | |
| Accès en ligne: | http://is.stuba.sk/zp/portal_zp.pl?podrobnosti=179937 |
| Tags: |
Pas de tags, Soyez le premier à ajouter un tag!
|
MARC
| LEADER | 00000ntm a22000003a 4500 | ||
|---|---|---|---|
| 001 | stuzp99945 | ||
| 003 | SK-STU | ||
| 005 | 20240615211702.6 | ||
| 007 | ta | ||
| 008 | 150427s2015----xo-----f-mn---000-0-slo-d | ||
| 040 | |a STU |b slo | ||
| 041 | 0 | |a eng | |
| 100 | 1 | |a Shaik, Sai Malik |u 020070 |4 aut |U SjF Strojnícka fakulta |T SjF Ústav výrobného inžinierstva a kvality produkcie |X 123579 |U J0070 |Y 804 |7 123579 | |
| 242 | 0 | 1 | |a Vplyv viacstupňového procesu technológie elektrolytickej plazmy na kvalitu povrchu nízkolegovanej ocele |y slo |
| 245 | 1 | 0 | |a Effect of multi-stage process of plasma-electrolyte technology on surface quality of the low alloy steel |
| 260 | |c 2024 | ||
| 650 | 4 | |a textúra kovového povrchu, |2 slo | |
| 650 | 4 | |a Obrábanie, povrchová úprava |2 slo | |
| 650 | 4 | |a plazmové leštenie elektrolytov, |2 slo | |
| 650 | 4 | |a Machining, Surface Finishing, |2 eng | |
| 650 | 4 | |a Texture of Metal Surface, |2 eng | |
| 650 | 4 | |a Plasma Electrolyte Polishing, Low-Alloy Steel |2 eng | |
| 700 | 1 | |a Pokusová, Marcela |u 020070 |k Z1 |4 ths |U SjF Strojnícka fakulta |T SjF Ústav výrobného inžinierstva a kvality produkcie |X 236 |U J0070 |Y 804 |7 A000000236 | |
| 856 | 4 | |u http://is.stuba.sk/zp/portal_zp.pl?podrobnosti=179937 | |